<?xml version="1.0" encoding="UTF-8"?>
<record
    xmlns:xsi="http://www.w3.org/2001/XMLSchema-instance"
    xsi:schemaLocation="http://www.loc.gov/MARC21/slim http://www.loc.gov/standards/marcxml/schema/MARC21slim.xsd"
    xmlns="http://www.loc.gov/MARC21/slim">

  <leader>01407njm a2200217 a 4500</leader>
  <controlfield tag="001">ASINB008I5LB3Y</controlfield>
  <controlfield tag="005">20200129130612.0</controlfield>
  <controlfield tag="008">130724s2012    xxu                 eng d</controlfield>
  <datafield tag="020" ind1=" " ind2=" ">
    <subfield code="c">$17.99</subfield>
  </datafield>
  <datafield tag="024" ind1="1" ind2=" ">
    <subfield code="a">710347118220</subfield>
  </datafield>
  <datafield tag="100" ind1=" " ind2=" ">
    <subfield code="a">Wilde, Dani.</subfield>
    <subfield code="9">1555</subfield>
  </datafield>
  <datafield tag="245" ind1="1" ind2="0">
    <subfield code="a">Girls with guitars live</subfield>
    <subfield code="h">[sound recording] /</subfield>
    <subfield code="c">Dani Wilde, Samantha Fish, Victoria Smith.</subfield>
  </datafield>
  <datafield tag="260" ind1=" " ind2=" ">
    <subfield code="a">[S.l.] :</subfield>
    <subfield code="b">RUF RECORDS,</subfield>
    <subfield code="c">2012.</subfield>
  </datafield>
  <datafield tag="300" ind1=" " ind2=" ">
    <subfield code="a">2 sound discs :</subfield>
    <subfield code="b">digital ;</subfield>
    <subfield code="c">4 3/4 in.</subfield>
  </datafield>
  <datafield tag="505" ind1="0" ind2=" ">
    <subfield code="t">Bitch --</subfield>
    <subfield code="t">Don T go making me cry --</subfield>
    <subfield code="t">Red blooded women --</subfield>
    <subfield code="t">I put a spell on you --</subfield>
    <subfield code="t">Leaving kind --</subfield>
    <subfield code="t">Money to burn --</subfield>
    <subfield code="t">Who S loving you --</subfield>
    <subfield code="t">Down in the swamp --</subfield>
    <subfield code="t">Mississippi kisses --</subfield>
    <subfield code="t">Runaway --</subfield>
    <subfield code="t">Jet airliner --</subfield>
    <subfield code="t">Are you gonna go my way --</subfield>
    <subfield code="t">Don T go making me cry --</subfield>
    <subfield code="t">Funk #49 --</subfield>
    <subfield code="t">Red blooded women --</subfield>
    <subfield code="t">I put a spell on you --</subfield>
    <subfield code="t">Leaving kind --</subfield>
    <subfield code="t">Money to burn --</subfield>
    <subfield code="t">Falling --</subfield>
    <subfield code="t">Juice me up --</subfield>
    <subfield code="t">Who S loving you --</subfield>
    <subfield code="t">Down in the swamp --</subfield>
    <subfield code="t">Mississippi kisses --</subfield>
    <subfield code="t">Other side of the bottle --</subfield>
    <subfield code="t">Runaway --</subfield>
    <subfield code="t">Jet airliner.</subfield>
  </datafield>
  <datafield tag="520" ind1=" " ind2=" ">
    <subfield code="a">Three of the hottest female musicians on the contemporary blues scene in a scorching live performance! Dani Wilde, Samantha Fish, and Victoria Smith have played clubs and festivals all over the US. DVD Run Time: 89 min.</subfield>
  </datafield>
  <datafield tag="700" ind1=" " ind2=" ">
    <subfield code="a">Smith, Victoria.</subfield>
    <subfield code="9">1507</subfield>
  </datafield>
  <datafield tag="700" ind1=" " ind2=" ">
    <subfield code="9">1495</subfield>
    <subfield code="a">Fish, Samantha.</subfield>
  </datafield>
  <datafield tag="856" ind1="4" ind2="0">
    <subfield code="3">Amazon.com</subfield>
    <subfield code="u">http://www.amazon.com/exec/obidos/ASIN/B008I5LB3Y/chopaconline-20</subfield>
  </datafield>
  <datafield tag="942" ind1=" " ind2=" ">
    <subfield code="c">MU</subfield>
  </datafield>
  <datafield tag="999" ind1=" " ind2=" ">
    <subfield code="c">319</subfield>
    <subfield code="d">319</subfield>
  </datafield>
  <datafield tag="952" ind1=" " ind2=" ">
    <subfield code="0">0</subfield>
    <subfield code="1">0</subfield>
    <subfield code="4">0</subfield>
    <subfield code="7">0</subfield>
    <subfield code="8">REF</subfield>
    <subfield code="a">FPL</subfield>
    <subfield code="b">FPL</subfield>
    <subfield code="c">AV</subfield>
    <subfield code="d">2014-09-04</subfield>
    <subfield code="p">39999000013993</subfield>
    <subfield code="r">2014-09-04 00:00:00</subfield>
    <subfield code="w">2014-09-04</subfield>
    <subfield code="y">MU</subfield>
  </datafield>
</record>
